[Event "Catalan-ch U10/20"]
[Site "Tarragona"]
[Date "2022.04.11"]
[Round "5"]
[White "Cubero Ortiz De Latierro, Oscar"]
[Black "Moya Nunez, Pau Salvador"]
[Result "0-1"]
[WhiteElo "1917"]
[BlackElo "2044"]
[PlyCount "62"]
[EventDate "2022.04.09"]
[EventType "swiss"]
[EventRounds "9"]
[EventCountry "ESP"]
[SourceTitle "EXT 2023"]
[Source "ChessBase"]
[SourceDate "2022.10.05"]
[SourceVersion "1"]
[SourceVersionDate "2022.10.05"]
[SourceQuality "1"]

1. d4 Nf6 2. c4 g6 3. Nc3 d5 4. cxd5 Nxd5 5. e4 Nxc3 6. bxc3 Bg7 7. Nf3 c5 8. Bb5+ Bd7 9. Be2 Bg4 10. Rb1 Nc6 11. 0-0 0-0 12. d5 Na5 13. Qc2 Qc7 14. g3 e5 15. Rd1 Qd6 16. Ne1 Bxe2 17. Qxe2 f5 18. c4 b6 19. Bd2 Nb7 20. a4 Rf7 21. Rb3 Raf8 22. f3 fxe4 23. Qxe4 Qd7 24. a5 Nd6 25. Qe2 e4 26. axb6 axb6 27. f4 Bd4+ 28. Kh1 Qh3 29. Rdb1 Nf5 30. g4 e3 31. gxf5 Qxf5 0-1

[Event "Salou Salauris op 1st"]
[Site "Salou"]
[Date "2021.06.27"]
[Round "7"]
[White "Copping, Arthur David Willia"]
[Black "Cubero Ortiz De Latierro, Oscar"]
[Result "0-1"]
[WhiteElo "1745"]
[BlackElo "1828"]
[PlyCount "94"]
[EventDate "2021.06.25"]
[EventType "swiss"]
[EventRounds "7"]
[EventCountry "ESP"]
[SourceTitle "CBM 203 Extra"]
[Source "ChessBase"]
[SourceDate "2021.09.30"]
[SourceVersion "1"]
[SourceVersionDate "2021.09.30"]
[SourceQuality "1"]

1. Nc3 d5 2. e4 c6 3. Nf3 dxe4 4. Nxe4 Nf6 5. Nxf6+ exf6 6. d4 Bd6 7. Bd3 0-0 8. h4 Re8+ 9. Kf1 h5 10. Nh2 g6 11. Qd2 Qe7 12. b3 c5 13. Bb2 Nc6 14. Nf3 Nxd4 15. Nxd4 cxd4 16. Bxd4 Bb4 17. c3 Qd6 18. Bb5 Rd8 19. Re1 Bxc3 20. Qxc3 Qxd4 21. Re8+ Kg7 22. Qxd4 Rxd4 23. Rh3 Rd1+ 24. Ke2 Bg4+ 25. f3 Rxe8+ 26. Bxe8 Bxh3 27. Kxd1 Bxg2 28. Ke2 Kf8 29. Bd7 Ke7 30. Bc8 b6 31. Kf2 Kd8 32. Bf5 Bxf3 33. Kxf3 gxf5 34. Kf4 Kd7 35. Kxf5 Ke7 36. a3 a6 37. Ke4 Ke6 38. Kf4 f5 39. a4 a5 40. Ke3 Ke5 41. Kf3 f4 42. Ke2 Ke4 43. Kf2 f3 44. b4 axb4 45. a5 bxa5 46. Ke1 b3 47. Kd2 f2 0-1

[Event "Salou Salauris op 1st"]
[Site "Salou"]
[Date "2021.06.26"]
[Round "4"]
[White "Cubero Ortiz De Latierro, Oscar"]
[Black "Domene Mulyukov, Alexander"]
[Result "1-0"]
[WhiteElo "1828"]
[BlackElo "2011"]
[PlyCount "51"]
[EventDate "2021.06.25"]
[EventType "swiss"]
[EventRounds "7"]
[EventCountry "ESP"]
[SourceTitle "CBM 203 Extra"]
[Source "ChessBase"]
[SourceDate "2021.09.30"]
[SourceVersion "1"]
[SourceVersionDate "2021.09.30"]
[SourceQuality "1"]

1. d4 Nf6 2. Nf3 g6 3. g3 Bg7 4. Bg2 0-0 5. c4 d6 6. 0-0 Nbd7 7. Nc3 c5 8. h3 Rb8 9. dxc5 Nxc5 10. Re1 Be6 11. Nd5 Qd7 12. Ng5 b5 13. Bf4 Ne8 14. Be3 bxc4 15. Bd4 h6 16. Nxe6 Nxe6 17. Bxg7 N8xg7 18. Qd2 Kh7 19. Rec1 Rfc8 20. Rc3 Rc5 21. Rac1 Rbc8 22. e3 Nf5 23. h4 h5 24. Bf3 Nh6 25. Qd1 Nd8 26. b4 1-0

[Event "Salou Salauris op 1st"]
[Site "Salou"]
[Date "2021.06.26"]
[Round "3"]
[White "Grau Ferrer, Carles"]
[Black "Cubero Ortiz De Latierro, Oscar"]
[Result "0-1"]
[WhiteElo "1931"]
[BlackElo "1828"]
[PlyCount "75"]
[EventDate "2021.06.25"]
[EventType "swiss"]
[EventRounds "7"]
[EventCountry "ESP"]
[SourceTitle "CBM 203 Extra"]
[Source "ChessBase"]
[SourceDate "2021.09.30"]
[SourceVersion "1"]
[SourceVersionDate "2021.09.30"]
[SourceQuality "1"]

1. d4 Nf6 2. c3 d5 3. Bf4 e6 4. e3 c5 5. Bd3 Bd6 6. Bg5 h6 7. Bh4 Nbd7 8. Nf3 0-0 9. Nbd2 e5 10. dxe5 Nxe5 11. Bc2 Ng6 12. Bg3 Re8 13. Qb1 d4 14. cxd4 cxd4 15. e4 Nf4 16. Bxf4 Bxf4 17. 0-0 b6 18. Re1 Ng4 19. h3 Ne5 20. Nxe5 Bxe5 21. Bd3 Bxh3 22. Nf3 Qf6 23. Bf1 Rad8 24. Nxe5 Rxe5 25. Qd3 Bc8 26. g3 Bb7 27. Bg2 Qe7 28. f4 Ra5 29. a3 Ba6 30. Qd1 Rc5 31. Qa4 Bb5 32. Qb3 d3 33. Rad1 d2 34. Re3 Rc1 35. Bf3 Qc5 36. Kf2 Rd3 37. Qxd3 Bxd3 38. Rxd2 0-1